• 首页
  • 本馆介绍
  • 公告通知
  • 最新文献
  • 馆藏检索
  • 电子资源
  • 读者导购
  • 参考咨询
  • 我的图书馆
  • 登录
  • 详细信息显示
  • 放入我的书架
  • 预约/预借图书
  • 作者相关作品
  • 分类相关作品
  • 丛书相关作品
  • 出版社相关作品

书目信息

  • 表格格式
  • 工作单格式
  • 卡片格式
题名:
俄国近代改革史
    
 
作者: 陶惠芬 著
分册:  
出版信息: 北京   中国社会科学出版社  2007
页数: 448页
开本: 21cm
丛书名: 世界历史学术书系
单 册:
中图分类: K512.407
科图分类:
主题词: 体制改革--历史--研究--俄罗斯--近代 , 体制改革
电子资源:
ISBN: 978-7-5004-6036-7
000 00868oam2 2200253 450
001 1234591577
005 20121007093744.51
010    @a978-7-5004-6036-7@dCNY32.00
100    @a20070625d2007 em y0chiy50 ea
101 0  @achi
102    @aCN@b110000
105    @ay z 000yy
200 1  @a俄国近代改革史@Ae guo jin dai gai ge shi@f陶惠芬著
210    @a北京@c中国社会科学出版社@d2007
215    @a448页@d21cm
225 2  @a世界历史学术书系
330    @a本书对18世纪至1917年俄国历次改革进行了系统的考察,分析了改革家们的思想和成就,说明了改革对生产力的发展和社会进步的促进作用,从改革的角度分析了俄国历史的进程。
461  0 @12001 @a世界历史学术书系
606 0  @a体制改革@x历史@x研究@y俄罗斯@z近代
606 0  @a体制改革
690    @aK512.407@v4
701  0 @a陶惠芬@Atao hui fen@f(1935~)@4著
801  0 @aCN@bNLC@c20101222
905    @a10447@dK512.407@eJY33
    
    俄国近代改革史/陶惠芬著.-北京:中国社会科学出版社,2007
    448页;21cm.-(世界历史学术书系)
    
    
    ISBN 978-7-5004-6036-7:CNY32.00
    本书对18世纪至1917年俄国历次改革进行了系统的考察,分析了改革家们的思想和成就,说明了改革对生产力的发展和社会进步的促进作用,从改革的角度分析了俄国历史的进程。
●
相关链接 在E读中查询图书 在五车中查询图书 在当当中查询图书 在豆瓣中查询图书


正题名:俄国近代改革史     索取号:K512.407/JY33         预约/预借

序号 登录号 条形码 馆藏地/架位号 状态 备注
1 7832300   278323002   学院路分馆/ [索取号:K512.407/JY33] 在馆    
2 7832301   278323011   学院路分馆/ [索取号:K512.407/JY33] 在馆    
唐山师范学院图书馆 欢迎您!
大连网信软件有限公司© 版权所有